[Event "?"]
[Site "MOSCOW"]
[Date "2016.??.??"]
[Round "7.9"]
[White "Rybakova, Natalia"]
[Black "Kurakulov, Sergey"]
[Result "0-1"]
[WhiteElo "1410"]
[BlackElo "1950"]
[PlyCount "82"]
[EventDate "2016.11.12"]

1. d4 e6 2. e4 b6 3. g3 Bb7 4. Bg2 Ne7 5. Nf3 Ng6 6. Nc3 a6 7. O-O b5 8. a3 c5
9. d5 Qb6 10. Ne2 Be7 11. b3 O-O 12. Bb2 f5 13. Ne5 Nxe5 14. Bxe5 d6 15. Bb2 e5
16. f4 c4+ 17. Kh1 fxe4 18. Bxe4 Nd7 19. Rb1 cxb3 20. cxb3 Nf6 21. Bg2 Ng4 22.
Qe1 Ne3 23. Rf2 Nxg2 24. Kxg2 Bxd5+ 25. Kf1 Bxb3 26. fxe5 Rxf2+ 27. Qxf2 Rf8
28. Nf4 Bc4+ 29. Kg2 Qxf2+ 30. Kxf2 g5 31. Ke3 gxf4+ 32. gxf4 dxe5 33. Bxe5
Bc5+ 34. Ke4 Kf7 35. Rd1 Ke6 36. h4 Bxa3 37. h5 Bc5 38. h6 a5 39. Ra1 a4 40.
Rh1 Bd5+ 41. Kd3 Bxh1 0-1

[Event "?"]
[Site "MOSCOW"]
[Date "2016.??.??"]
[Round "7.8"]
[White "Savinov, Victor"]
[Black "Yarikov, Artem"]
[Result "1-0"]
[WhiteElo "1893"]
[BlackElo "1487"]
[PlyCount "61"]
[EventDate "2016.11.12"]

1. d4 d5 2. Bg5 Nf6 3. Bxf6 exf6 4. e3 c6 5. Bd3 Bd6 6. Qf3 O-O 7. g4 Qd7 8. h3
Re8 9. Ne2 b6 10. c3 Bb7 11. Nd2 c5 12. O-O-O c4 13. Bb1 a5 14. Rdg1 b5 15. g5
fxg5 16. Rxg5 g6 17. h4 b4 18. h5 bxc3 19. Nxc3 Be7 20. Re5 Rd8 21. hxg6 hxg6
22. Qg2 Bf6 23. Reh5 Kf8 24. Rh7 Qd6 25. Bxg6 fxg6 26. Rxb7 Be7 27. Rh7 a4 28.
Rbxe7 Qxe7 29. Rxe7 Kxe7 30. Nxd5+ Kf8 31. Qf3+ 1-0

[Event "?"]
[Site "MOSCOW"]
[Date "2016.??.??"]
[Round "7.10"]
[White "Tokmantsev, Ivan"]
[Black "Balashov, Aleksandr"]
[Result "1/2-1/2"]
[WhiteElo "1387"]
[BlackElo "1610"]
[PlyCount "78"]
[EventDate "2016.11.12"]

1. e4 e5 2. Nf3 Nc6 3. Bb5 a6 4. Bxc6 dxc6 5. d3 Qd6 6. Nbd2 Bg4 7. h3 Bh5 8.
g4 Bg6 9. Nc4 Qe6 10. Ncxe5 O-O-O 11. Bd2 f6 12. Nxg6 hxg6 13. Bc3 Nh6 14. Nh2
f5 15. f3 Rh7 16. Qe2 Bd6 17. exf5 Qxe2+ 18. Kxe2 gxf5 19. Kf2 fxg4 20. Nxg4
Nf5 21. Be5 Re8 22. Bxd6 cxd6 23. Kg2 Kd7 24. Rae1 Nd4 25. c3 Ne6 26. Kg3 Ng5
27. h4 Ne6 28. d4 Ke7 29. Re2 Kf7 30. Rhe1 Nc7 31. Rxe8 Nxe8 32. Nf2 Nf6 33.
Nh3 Rh8 34. Ng5+ Kf8 35. Re6 d5 36. b3 Nh5+ 37. Kg4 Nf6+ 38. Kg3 Nh5+ 39. Kg4
Nf6+ 1/2-1/2

[Event "?"]
[Site "MOSCOW"]
[Date "2016.??.??"]
[Round "7.2"]
[White "Mamatov, Melis"]
[Black "Voronkov, Denis"]
[Result "0-1"]
[WhiteElo "2098"]
[BlackElo "2204"]
[PlyCount "62"]
[EventDate "2016.11.12"]

1. c4 Nf6 2. b3 c5 3. Bb2 e6 4. Nf3 b6 5. e3 Bb7 6. Be2 Be7 7. d3 d5 8. Nbd2
O-O 9. Qc2 Nc6 10. a3 a5 11. O-O d4 12. Rae1 e5 13. Bc1 Qc7 14. h3 dxe3 15.
fxe3 Nh5 16. Ne4 f5 17. Nfd2 Nf4 18. Nc3 Nxg2 19. Nd5 Nxe1 20. Rxe1 Qd8 21. Bf3
Bd6 22. Nf1 e4 23. dxe4 Ne5 24. Bg2 Qh4 25. Rd1 fxe4 26. Qxe4 Qf2+ 27. Kh1 Rae8
28. Nh2 Kh8 29. Qb1 Qg3 30. Bb2 Nd3 31. Bxg7+ Kxg7 0-1

[Event " "]
[Site "MOSCOW"]
[Date "2016.??.??"]
[Round "7.5"]
[White "Prakhov, Nikolay"]
[Black "Zakharova, Evgenia"]
[Result "0-1"]
[WhiteElo "1851"]
[BlackElo "1890"]
[PlyCount "88"]
[EventDate "2016.11.12"]

1. e4 c5 2. Nc3 Nc6 3. g3 g6 4. Bg2 Bg7 5. f4 d6 6. d3 e6 7. Nf3 Nge7 8. O-O
O-O 9. Be3 Nd4 10. Qd2 Qa5 11. Bxd4 cxd4 12. Ne2 Qxd2 13. Nxd2 e5 14. a4 Be6
15. c4 dxc3 16. Nxc3 Rfd8 17. Nf3 h6 18. h3 Rac8 19. Rfc1 Nc6 20. Rd1 Nb4 21.
d4 Bb3 22. Rd2 Nc2 23. Rf1 exd4 24. Nb5 d3 25. Rxd3 Bc4 26. Rfd1 Bxd3 27. Rxd3
Nb4 28. Rd1 d5 29. e5 Bf8 30. Nfd4 a6 31. Nc3 Nc6 32. Kf1 Nb4 33. f5 Bc5 34.
fxg6 Bxd4 35. gxf7+ Kf8 36. Rxd4 Nc2 37. Rd3 d4 38. Nd5 Rc5 39. Rd2 Rdxd5 40.
Bxd5 Ne3+ 41. Ke2 Rxd5 42. Kd3 Kxf7 43. Rf2+ Ke7 44. Rf6 Nd1 0-1

[Event " "]
[Site "MOSCOW"]
[Date "2016.??.??"]
[Round "7.11"]
[White "Muraseev, Vasilii"]
[Black "Yarikov, Sergey"]
[Result "1/2-1/2"]
[WhiteElo "1144"]
[BlackElo "1657"]
[PlyCount "117"]
[EventDate "2016.11.12"]

1. e4 e5 2. Nf3 d6 3. Bc4 Nc6 4. Nc3 Bg4 5. d3 h6 6. h3 Bh5 7. Be3 Nf6 8. Nd5
Ne7 9. Nxf6+ gxf6 10. g4 Bg6 11. Qd2 c6 12. Bb3 a5 13. c4 a4 14. Bc2 d5 15.
cxd5 cxd5 16. Qe2 d4 17. Bd2 Nc6 18. a3 Be7 19. Nh4 Qb6 20. Rb1 Qa6 21. Nf3 Rc8
22. Bc1 b5 23. Kd1 b4 24. axb4 Nxb4 25. Ne1 h5 26. f3 Kd7 27. Rh2 Rc7 28. Rf2
hxg4 29. hxg4 Qc6 30. Qf1 Rhc8 31. Qg2 Qb5 32. Qf1 Nxc2 33. Rxc2 Rxc2 34. Nxc2
Qb3 35. Qe2 a3 36. Qd2 Bb4 37. Qe2 Bc3 38. Qg2 a2 39. Ra1 Bxb2 40. Bxb2 Qxb2
41. Qf2 Rxc2 42. Qxc2 Qxa1+ 43. Ke2 Qb1 44. Qa4+ Ke7 45. Qa3+ Ke8 46. Qa8+ Ke7
47. Qa3+ Kd7 48. Qa4+ Kd6 49. Qa3+ Kd7 50. Qa4+ Kc7 51. Qa5+ Kc6 52. Qa4+ Kc5
53. Qa5+ Qb5 54. Qxa2 Qb4 55. Qa7+ Qb6 56. Qa3+ Kc6 57. Qa8+ Kd7 58. Qa4+ Kd6
59. Qa3+ 1/2-1/2

[Event "?"]
[Site "MOSCOW"]
[Date "2016.??.??"]
[Round "7.1"]
[White "Denishev, Marat"]
[Black "Losev, Dmitry"]
[Result "1-0"]
[WhiteElo "2375"]
[BlackElo "2174"]
[PlyCount "71"]
[EventDate "2016.11.12"]

1. d4 g6 2. e4 Bg7 3. Nc3 d6 4. Be3 a6 5. Qd2 b5 6. f3 Nd7 7. h4 h5 8. Nh3 c5
9. O-O-O cxd4 10. Bxd4 Ngf6 11. Kb1 Bb7 12. Ng5 Rc8 13. Qf2 O-O 14. g3 e5 15.
Be3 Rxc3 16. bxc3 Qc7 17. Rd3 d5 18. Bh3 dxe4 19. fxe4 Nxe4 20. Nxe4 Bxe4 21.
Rxd7 Qxc3 22. Bc5 f5 23. Rxg7+ Kxg7 24. Bxf8+ Kxf8 25. Rd1 Qb4+ 26. Kc1 Qa3+
27. Kd2 Bxc2 28. Rf1 Be4 29. Qe3 Qxa2+ 30. Ke1 Qc2 31. Qd2 Qc5 32. g4 f4 33.
gxh5 gxh5 34. Be6 Bc6 35. Qd8+ Be8 36. Qf6+ 1-0

[Event "?"]
[Site "MOSCOW"]
[Date "2016.??.??"]
[Round "7.4"]
[White "Kedrov, Valery V"]
[Black "Antonova, Nadezhda"]
[Result "1-0"]
[WhiteElo "2113"]
[BlackElo "2035"]
[PlyCount "61"]
[EventDate "2016.11.12"]

1. Nf3 d6 2. d4 Bg4 3. e4 Nf6 4. Nc3 c6 5. a4 e6 6. h3 Bh5 7. Bd3 d5 8. e5 Nfd7
9. g4 Bg6 10. Bxg6 hxg6 11. Ne2 c5 12. c3 Nc6 13. Be3 Be7 14. Kf1 a6 15. Kg2
O-O 16. h4 cxd4 17. cxd4 Qb6 18. h5 Rfc8 19. hxg6 fxg6 20. Nf4 Nf8 21. Qb1 Kf7
22. Rh8 Ke8 23. Rxf8+ Bxf8 24. Qxg6+ Kd8 25. Nxe6+ Kd7 26. Nxf8+ Rxf8 27. Qd6+
Ke8 28. Qe6+ Kd8 29. Bg5+ Kc7 30. Qd6+ Kc8 31. Qxf8+ 1-0

[Event "?"]
[Site "MOSCOW"]
[Date "2016.??.??"]
[Round "7.3"]
[White "Pokhlebin, Sergej"]
[Black "Taalaibekov, Tagir"]
[Result "1-0"]
[WhiteElo "1902"]
[BlackElo "2195"]
[PlyCount "71"]
[EventDate "2016.11.12"]

1. e4 c5 2. Nf3 e6 3. d4 cxd4 4. Nxd4 Nc6 5. Nc3 Nf6 6. Ndb5 d6 7. Bf4 e5 8.
Bg5 a6 9. Na3 b5 10. Bxf6 gxf6 11. Nd5 Be6 12. c3 Rb8 13. Nc2 f5 14. exf5 Bxf5
15. Nce3 Bg6 16. h4 h5 17. a4 Bg7 18. axb5 axb5 19. Ra6 Qc8 20. Bxb5 Rxb5 21.
Qa4 Bd3 22. c4 Rb8 23. Rxc6 Qd7 24. Nb6 Rxb6 25. Rc8+ Ke7 26. Nd5+ Ke6 27.
Qxd7+ Kxd7 28. Nxb6+ Ke6 29. Rxh8 Bxh8 30. Kd2 e4 31. b3 Bg7 32. Nd5 Bh6+ 33.
f4 Kf5 34. Ke3 Kg4 35. Nf6+ Kf5 36. g4+ 1-0

[Event "MOSCOW"]
[Site "MOSCOW"]
[Date "2016.??.??"]
[Round "6.6"]
[White "Losev, Dmitry"]
[Black "Savinov, Victor"]
[Result "1-0"]
[WhiteElo "2174"]
[BlackElo "1893"]
[PlyCount "59"]
[EventDate "2016.11.12"]

1. e4 e5 2. Nf3 Nc6 3. Bc4 Be7 4. d4 d6 5. dxe5 dxe5 6. Qxd8+ Bxd8 7. Nc3 Nf6
8. Be3 h6 9. O-O-O O-O 10. Bb5 Re8 11. Bxc6 bxc6 12. Nxe5 Bb7 13. Nd3 a5 14.
Nc5 Bc8 15. f3 Be7 16. N3a4 Bd6 17. Nd3 Nd7 18. Bf4 Bxf4+ 19. Nxf4 Rb8 20. Rd4
c5 21. Rd2 Rb4 22. b3 c6 23. Rhd1 Re7 24. Nd3 Rb5 25. c4 Rb8 26. Ndxc5 Nxc5 27.
Nxc5 Bb7 28. Rd8+ Rxd8 29. Rxd8+ Kh7 30. Rb8 1-0

[Event "?"]
[Site "MOSCOW"]
[Date "2016.??.??"]
[Round "8.1"]
[White "Zakharova, Evgenia"]
[Black "Denishev, Marat"]
[Result "0-1"]
[WhiteElo "1890"]
[BlackElo "2375"]
[PlyCount "62"]
[EventDate "2016.11.12"]

1. e4 c5 2. Nf3 d6 3. d4 cxd4 4. Nxd4 Nf6 5. Nc3 a6 6. h3 e6 7. g4 Nfd7 8. Bg2
Be7 9. Be3 Qc7 10. Qd2 Nc6 11. O-O-O b5 12. f4 Bb7 13. f5 Nxd4 14. Bxd4 b4 15.
Ne2 e5 16. Be3 a5 17. Kb1 Nb6 18. Bxb6 Qxb6 19. f6 Bxf6 20. Ng3 O-O-O 21. Nf5
g6 22. Ne3 Bg5 23. Nc4 Bxd2 24. Nxb6+ Kc7 25. Nc4 Bf4 26. Nxa5 Ba8 27. Rhe1 h5
28. gxh5 Rxh5 29. Rd3 Rg5 30. Bf3 f5 31. Nb3 fxe4 0-1

[Event "?"]
[Site "MOSCOW"]
[Date "2016.??.??"]
[Round "8.8"]
[White "Kurakulov, Sergey"]
[Black "Muraseev, Vasilii"]
[Result "1/2-1/2"]
[WhiteElo "1950"]
[BlackElo "1144"]
[PlyCount "95"]
[EventDate "2016.11.12"]

1. f4 d5 2. Nf3 Nc6 3. b3 Nf6 4. Bb2 e6 5. e3 Be7 6. Be2 O-O 7. O-O Re8 8. Ne5
Nxe5 9. fxe5 Nd7 10. d4 Nf8 11. Nd2 Ng6 12. Bd3 Rf8 13. Qh5 Bd7 14. Rf3 Bg5 15.
Raf1 Qe7 16. c4 c6 17. Rh3 Bh6 18. c5 Qg5 19. Qe2 Qe7 20. Bc1 f5 21. Qh5 Qg5
22. Nf3 Qxh5 23. Rxh5 Be8 24. Rh3 Bd7 25. Kf2 Rf7 26. Ke2 Raf8 27. Rh5 f4 28.
e4 a6 29. exd5 cxd5 30. Ba3 Bc6 31. Bb4 Ne7 32. Be1 Nf5 33. Bxf5 Rxf5 34. Rh3
Bb5+ 35. Kf2 Bxf1 36. Kxf1 Bg5 37. b4 Be7 38. a3 R5f7 39. Bh4 Bxh4 40. Rxh4 h6
41. Rg4 g5 42. h4 Rg7 43. hxg5 Rf5 44. g6 h5 45. Rh4 Rxg6 46. Rh3 Rg7 47. a4
Rh7 48. Nh4 1/2-1/2

[Event "?"]
[Site "MOSCOW"]
[Date "2016.??.??"]
[Round "8.2"]
[White "Voronkov, Denis"]
[Black "Kedrov, Valery V"]
[Result "1-0"]
[WhiteElo "2204"]
[BlackElo "2113"]
[PlyCount "41"]
[EventDate "2016.11.12"]

1. d4 Nf6 2. c4 g6 3. Nc3 d5 4. Nf3 Bg7 5. Bg5 Ne4 6. Bf4 Nxc3 7. bxc3 c5 8. e3
cxd4 9. cxd4 Nc6 10. cxd5 Qxd5 11. Be2 O-O 12. O-O b6 13. Rc1 Bb7 14. Qa4 Rac8
15. Bc4 Qd7 16. Rfd1 Rfd8 17. Bb5 a6 18. Bxa6 Ra8 19. d5 Rxa6 20. dxc6 Rxa4 21.
Rxd7 1-0

[Event "?"]
[Site "MOSCOW"]
[Date "2016.??.??"]
[Round "8.9"]
[White "Yarikov, Artem"]
[Black "Tokmantsev, Ivan"]
[Result "1/2-1/2"]
[WhiteElo "1487"]
[BlackElo "1387"]
[PlyCount "92"]
[EventDate "2016.11.12"]

1. e4 e6 2. d4 d5 3. exd5 exd5 4. Nf3 Nf6 5. c3 c6 6. Bd3 Bd6 7. O-O O-O 8. Re1
Bg4 9. h3 Bh5 10. Bg5 Nbd7 11. g4 Bg6 12. Ne5 Bxd3 13. Qxd3 h6 14. Nxd7 Qxd7
15. Bxf6 gxf6 16. Qf3 Kg7 17. Nd2 Rfe8 18. Nf1 Re6 19. Ne3 Rae8 20. Nf5+ Kh7
21. Kf1 Bf8 22. Qd3 Kg8 23. Qd2 Kh7 24. Qc2 Kg8 25. Qd2 Kh7 26. Qf4 c5 27. dxc5
Qb5+ 28. c4 dxc4 29. Nd4 Rxe1+ 30. Rxe1 Rxe1+ 31. Kxe1 Qxb2 32. Qxf6 Qa1+ 33.
Ke2 Qxa2+ 34. Kf3 Qa3+ 35. Kg2 Bg7 36. Qxf7 Qxc5 37. Nf5 Qc6+ 38. Kg1 Qf6 39.
Qxb7 c3 40. Qb1 Kg8 41. Kf1 Qe5 42. Qb3+ Kh8 43. Nxg7 Kxg7 44. Qb7+ Kg6 45.
Qa6+ Kg7 46. Qe2 Qc5 1/2-1/2

[Event "?"]
[Site "MOSCOW"]
[Date "2016.??.??"]
[Round "8.6"]
[White "Losev, Dmitry"]
[Black "Pushkin, Vasiliy"]
[Result "1-0"]
[WhiteElo "2174"]
[BlackElo "1379"]
[PlyCount "55"]
[EventDate "2016.11.12"]

1. e4 e5 2. Bc4 Nf6 3. d3 Bc5 4. f4 d6 5. Nf3 Bg4 6. fxe5 dxe5 7. Bxf7+ Ke7 8.
Bb3 Rf8 9. Nc3 h6 10. Na4 Bxf3 11. Qxf3 Nfd7 12. Qg4 Bf2+ 13. Ke2 Qe8 14. Rf1
Bb6 15. Nxb6 axb6 16. Qxg7+ Kd8 17. Bxh6 Qh5+ 18. Ke3 Rxf1 19. Rxf1 c6 20. Be6
b5 21. Bxd7 Nxd7 22. Rf7 Kc7 23. Rxd7+ Kb6 24. Rxb7+ Ka6 25. Kd2 Qh4 26. Be3
Ka5 27. Ra7+ Kb4 28. a3# 1-0

[Event "?"]
[Site "MOSCOW"]
[Date "2016.??.??"]
[Round "8.10"]
[White "Balashov, Aleksandr"]
[Black "Rybakova, Natalia"]
[Result "1/2-1/2"]
[WhiteElo "1610"]
[BlackElo "1410"]
[PlyCount "88"]
[EventDate "2016.11.12"]

1. e4 c6 2. d4 d5 3. e5 Bf5 4. Nf3 e6 5. Be2 Ne7 6. O-O Ng6 7. c4 Be7 8. Be3
Bg4 9. Nbd2 Bb4 10. h3 Bxf3 11. Nxf3 h6 12. Qb3 Qe7 13. Bd3 O-O 14. Rfc1 Na6
15. g3 Rac8 16. Qc2 c5 17. a3 cxd4 18. Bxd4 Bc5 19. Bc3 dxc4 20. Be4 Bb6 21.
Kg2 Nc5 22. Bb4 f5 23. exf6 Qxf6 24. Bxc5 Rxc5 25. Rf1 Ne5 26. Nxe5 Qxe5 27.
Bxb7 Rc7 28. Rae1 Qf6 29. Be4 c3 30. bxc3 Rxc3 31. Qa2 Kh8 32. Bb7 e5 33. a4
Rc7 34. Qd5 Bxf2 35. Rxe5 Rxb7 36. Qxb7 Qxe5 37. Rxf2 Rxf2+ 38. Kxf2 Qd4+ 39.
Kf3 Qxa4 40. Qc8+ Kh7 41. Qf5+ Kg8 42. Qe6+ Kf8 43. Qf5+ Ke7 44. Qe5+ Kf7
1/2-1/2

[Event "?"]
[Site "MOSCOW"]
[Date "2016.??.??"]
[Round "8.3"]
[White "Mamatov, Melis"]
[Black "Pokhlebin, Sergej"]
[Result "1-0"]
[WhiteElo "2098"]
[BlackElo "1902"]
[PlyCount "60"]
[EventDate "2016.11.12"]

1. d4 d5 2. Nc3 Nf6 3. Nf3 c5 4. e3 Nc6 5. Be2 Bf5 6. O-O Rc8 7. a3 e6 8. Re1
a6 9. Bf1 b5 10. h3 h6 11. Bd2 Qb6 12. Ne2 Ne4 13. dxc5 Bxc5 14. c3 O-O 15. Qc1
Bh7 16. Nf4 Bd6 17. Nd3 Bb8 18. Qc2 Qc7 19. g3 g5 20. Red1 f5 21. Bc1 Kh8 22.
Nd2 Rg8 23. Bg2 Rcf8 24. Kh1 Qg7 25. Nf3 f4 26. g4 fxe3 27. Bxe3 Rf6 28. a4 b4
29. Re1 bxc3 30. bxc3 Ne5 1-0

[Event "?"]
[Site "MOSCOW"]
[Date "2016.??.??"]
[Round "8.4"]
[White "Taalaibekov, Tagir"]
[Black "Prakhov, Nikolay"]
[Result "1-0"]
[WhiteElo "2195"]
[BlackElo "1851"]
[PlyCount "59"]
[EventDate "2016.11.12"]

1. d4 d5 2. c4 Nf6 3. cxd5 Nxd5 4. e4 Nf6 5. Nc3 e6 6. Nf3 c6 7. Be2 Bb4 8. Qc2
h6 9. O-O b6 10. a3 Bxc3 11. bxc3 Bb7 12. c4 c5 13. d5 exd5 14. exd5 Nbd7 15.
Bb2 O-O 16. a4 a6 17. Qf5 b5 18. axb5 axb5 19. Rxa8 Qxa8 20. Rd1 Qc8 21. cxb5
Bxd5 22. Rc1 Qb7 23. Ne5 Re8 24. Nxd7 Qxd7 25. Qxd7 Nxd7 26. Bg4 Be6 27. Bf3 c4
28. Bd4 Rd8 29. Kf1 Nf8 30. Bb6 1-0

[Event "?"]
[Site "MOSCOW"]
[Date "2016.??.??"]
[Round "9.10"]
[White "Muraseev, Vasilii"]
[Black "Yarikov, Artem"]
[Result "0-1"]
[WhiteElo "1144"]
[BlackElo "1487"]
[PlyCount "84"]
[EventDate "2016.11.12"]

1. e4 c6 2. d4 d5 3. e5 Bf5 4. Bd3 Bxd3 5. Qxd3 e6 6. Be3 Qb6 7. Qb3 Qxb3 8.
axb3 a6 9. Nc3 Ne7 10. Nf3 Ng6 11. Ne2 Nd7 12. c3 c5 13. Nc1 cxd4 14. Bxd4 Bc5
15. Ne2 Bxd4 16. cxd4 Rc8 17. Kd2 O-O 18. Rac1 b5 19. Rc3 b4 20. Rc2 Rxc2+ 21.
Kxc2 Rc8+ 22. Kd2 h6 23. Rc1 Rxc1 24. Nxc1 Nf4 25. g3 Ng6 26. Nd3 a5 27. Nfe1
Kf8 28. f4 Ne7 29. Nf3 Ke8 30. h3 Kf8 31. g4 g5 32. h4 Ke8 33. Nh2 Kf8 34. Nf1
Ke8 35. Ng3 Kf8 36. Ke3 Kg7 37. Kd2 Nc6 38. Ke3 Ne7 39. Nf2 h5 40. gxh5 Nf5+
41. Kf3 gxh4 42. Ne2 Nb8 0-1

[Event "?"]
[Site "MOSCOW"]
[Date "2016.??.??"]
[Round "9.7"]
[White "Prakhov, Nikolay"]
[Black "Balashov, Aleksandr"]
[Result "1-0"]
[WhiteElo "1851"]
[BlackElo "1610"]
[PlyCount "95"]
[EventDate "2016.11.12"]

1. e4 e5 2. Nf3 Nc6 3. Bb5 a6 4. Ba4 Nf6 5. d3 b5 6. Bb3 Be7 7. O-O O-O 8. c3
d6 9. Nbd2 Na5 10. Bc2 c5 11. b3 Bg4 12. h3 Bh5 13. g4 Bg6 14. Re1 h6 15. Nf1
Qd7 16. Ng3 Nc6 17. c4 Nd4 18. Nxd4 cxd4 19. f4 Ne8 20. f5 Bh7 21. Rf1 Bh4 22.
Kg2 Qe7 23. Ne2 Bg5 24. Ng1 g6 25. f6 Nxf6 26. Bxg5 hxg5 27. Qd2 Nd7 28. Nf3 f6
29. Rh1 Kg7 30. Rag1 Nc5 31. h4 gxh4 32. Rxh4 g5 33. Rh2 Ne6 34. Rgh1 Rh8 35.
Kg3 Nf4 36. Ne1 Bg6 37. Bd1 Rh7 38. Rxh7+ Bxh7 39. Qh2 Rh8 40. cxb5 axb5 41. b4
Kg8 42. Bb3+ d5 43. exd5 Qd6 44. Qc2 Nxd5 45. Qc5 Qb8 46. Bxd5+ Kg7 47. Qe7+
Kg6 48. Be4+ 1-0

[Event "?"]
[Site "MOSCOW"]
[Date "2016.??.??"]
[Round "9.4"]
[White "Pokhlebin, Sergej"]
[Black "Zakharova, Evgenia"]
[Result "1-0"]
[WhiteElo "1902"]
[BlackElo "1890"]
[PlyCount "59"]
[EventDate "2016.11.12"]

1. e4 c5 2. Nf3 e6 3. d4 cxd4 4. Nxd4 Nf6 5. Nc3 Nc6 6. Ndb5 Bb4 7. Bf4 e5 8.
Bg5 O-O 9. a3 Be7 10. Bxf6 Bxf6 11. Nd5 a6 12. Nd6 Bg5 13. Bc4 b5 14. Ba2 Nd4
15. f4 Bf6 16. O-O exf4 17. Rxf4 Be5 18. Nxf7 Rxf7 19. Rxf7 Ne6 20. Qh5 Bd4+
21. Kh1 Bb7 22. Ne7+ Kh8 23. Ng6+ Kg8 24. Rf8+ Qxf8 25. Nxf8 Rxf8 26. Qd1 Bxb2
27. Rb1 Bxa3 28. Qxd7 Bc8 29. Bxe6+ Kh8 30. Qxc8 1-0

[Event "?"]
[Site "MOSCOW"]
[Date "2016.??.??"]
[Round "9.9"]
[White "Pushkin, Vasiliy"]
[Black "Tokmantsev, Ivan"]
[Result "0-1"]
[WhiteElo "1379"]
[BlackElo "1387"]
[PlyCount "72"]
[EventDate "2016.11.12"]

1. d4 e6 2. c4 d5 3. Nc3 c6 4. Nf3 f5 5. Bg5 Be7 6. Bxe7 Qxe7 7. e3 Nf6 8. Bd3
Ne4 9. Qb3 O-O 10. O-O Nd7 11. cxd5 exd5 12. Rad1 Kh8 13. Rfe1 h6 14. Qc2 Ndf6
15. Nd2 Nxd2 16. Rxd2 Ne4 17. Rde2 Re8 18. f3 Nxc3 19. bxc3 Qf6 20. e4 fxe4 21.
fxe4 dxe4 22. Rxe4 Bd7 23. Rxe8+ Rxe8 24. Rxe8+ Bxe8 25. Qe2 Bf7 26. Qe4 Bg8
27. Qg4 Qe7 28. Qd1 Qa3 29. Qd2 Qxa2 30. Qe1 Qe6 31. Qg3 a5 32. Bc2 Qe7 33. Bd3
Qd7 34. Kf2 Qd5 35. Be2 a4 36. Qb8 Qb3 0-1

[Event "?"]
[Site "MOSCOW"]
[Date "2016.??.??"]
[Round "9.3"]
[White "Taalaibekov, Tagir"]
[Black "Mamatov, Melis"]
[Result "1/2-1/2"]
[WhiteElo "2195"]
[BlackElo "2098"]
[PlyCount "50"]
[EventDate "2016.11.12"]

1. d4 c5 2. d5 Nf6 3. Nc3 e6 4. e4 a6 5. a4 exd5 6. e5 Ng8 7. Nxd5 d6 8. Bf4
Nc6 9. exd6 Bxd6 10. Bxd6 Qxd6 11. Nb6 Qe6+ 12. Be2 Rb8 13. Nf3 Nd4 14. Nxd4
Qxb6 15. Nb3 Be6 16. O-O Nf6 17. a5 Qc7 18. Ra4 O-O 19. Qc1 Rfe8 20. Bf3 Rbd8
21. Qg5 c4 22. Nc1 Bd7 23. Rb4 Bb5 24. c3 h6 25. Qf5 Re5 1/2-1/2

[Event "?"]
[Site "MOSCOW"]
[Date "2016.??.??"]
[Round "9.8"]
[White "Yarikov, Sergey"]
[Black "Savinov, Victor"]
[Result "0-1"]
[WhiteElo "1657"]
[BlackElo "1893"]
[PlyCount "95"]
[EventDate "2016.11.12"]

1. d4 d5 2. c4 Bf5 3. Bf4 e6 4. e3 c6 5. Nc3 Nf6 6. c5 Nbd7 7. Bd3 Bxd3 8. Qxd3
Nh5 9. Nge2 Nxf4 10. Nxf4 e5 11. Nfe2 e4 12. Qc2 Be7 13. O-O Bg5 14. Ng3 Qe7
15. Nf5 Qe6 16. Nd6+ Ke7 17. Nxb7 f5 18. g3 h5 19. b4 h4 20. b5 hxg3 21. fxg3
Bxe3+ 22. Kh1 Bxd4 23. Nd6 g6 24. bxc6 Nxc5 25. Ndb5 Be5 26. Rad1 Nd3 27. Ne2
a6 28. Nbd4 Bxd4 29. Nxd4 Qe5 30. Ne2 Rac8 31. Nf4 Nxf4 32. gxf4 Qd6 33. Qb3
Ke6 34. Qb7 Qxc6 35. Qg7 Rhg8 36. Qe5+ Kf7 37. Qxd5+ Qxd5 38. Rxd5 Rc2 39. a4
Rh8 40. Rfd1 Rhxh2+ 41. Kg1 Rcg2+ 42. Kf1 Kg7 43. Rd6 g5 44. R6d5 gxf4 45. Rd7+
Kh8 46. Rd8+ Kh7 47. R1d7+ Rg7 48. Rxg7+ 0-1

[Event "?"]
[Site "MOSCOW"]
[Date "2016.??.??"]
[Round "9.1"]
[White "Denishev, Marat"]
[Black "Antonova, Nadezhda"]
[Result "1-0"]
[WhiteElo "2375"]
[BlackElo "2035"]
[PlyCount "71"]
[EventDate "2016.11.12"]

1. c4 Nf6 2. Nc3 e6 3. Nf3 c5 4. g3 b6 5. Bg2 Bb7 6. O-O Be7 7. Re1 d6 8. e4 a6
9. d4 cxd4 10. Nxd4 Qc7 11. Be3 O-O 12. Rc1 Nbd7 13. f4 Rac8 14. f5 e5 15. Nb3
g6 16. Nd5 Bxd5 17. exd5 Ne8 18. Nd2 Ng7 19. g4 Qd8 20. Ne4 Nf6 21. Ng3 gxf5
22. gxf5 b5 23. b3 bxc4 24. bxc4 Qa5 25. Qe2 h5 26. Kh1 Ng4 27. Bg1 Nf6 28. h3
h4 29. Ne4 Nxe4 30. Bxe4 Qa3 31. Be3 Rb8 32. Rg1 Bf6 33. Rxg7+ Bxg7 34. f6 Bxf6
35. Rg1+ Bg7 36. Qg4 1-0

[Event "?"]
[Site "MOSCOW"]
[Date "2016.??.??"]
[Round "9.2"]
[White "Voronkov, Denis"]
[Black "Losev, Dmitry"]
[Result "1/2-1/2"]
[WhiteElo "2204"]
[BlackElo "2174"]
[PlyCount "85"]
[EventDate "2016.11.12"]

1. d4 g6 2. Nf3 Bg7 3. c4 d6 4. Nc3 c5 5. d5 e5 6. dxe6 Bxc3+ 7. bxc3 Bxe6 8.
e4 Nc6 9. Bf4 Nf6 10. Bd3 Ng4 11. O-O Qe7 12. Qa4 f6 13. Be2 Nge5 14. Ne1 Qf7
15. Nf3 O-O-O 16. Nd2 h5 17. Be3 Ng4 18. Bxg4 hxg4 19. Bf4 Kb8 20. Bg3 Ne5 21.
f4 Nxc4 22. Nxc4 Bxc4 23. Rfe1 Ka8 24. f5 gxf5 25. exf5 d5 26. Re6 Qh7 27. Rxf6
Qg7 28. Be5 Qg5 29. Re1 Rxh2 30. Bxh2 Qxf6 31. Re8 a6 32. Bc7 Bb5 33. Rxd8+
Qxd8 34. Qxb5 Qxc7 35. Qe8+ Ka7 36. f6 Qf4 37. f7 Qc1+ 38. Kh2 Qf4+ 39. Kg1
Qc1+ 40. Kf2 Qf4+ 41. Ke2 Qc4+ 42. Kd2 Qf4+ 43. Ke2 1/2-1/2